| 000 | 00640cab a2200205 4500 | ||
|---|---|---|---|
| 001 | WB3343-27 | ||
| 008 | 090401t1997 xxu||||| |||| 00| 0 eng d | ||
| 035 | _a(Sirsi) u81921 | ||
| 041 | _aeng | ||
| 245 | _a`Marriage values` made in heaven | ||
| 260 | _c1997 | ||
| 350 | _a0 | ||
| 490 |
_aCountry Life _v(44) 30 October 1997, 80(1) |
||
| 520 | _aA survey by Strutt & Parker shows that 55 per cent of prime farmland sold in England in the first nine months of 1997 was bought by non-agricultural buyers. | ||
| 650 | _aFARMLAND MARKET | ||
| 650 | _aSTRUTT & PARKER | ||
| 690 | _aRURAL PRACTICE | ||
| 942 | _n0 | ||
| 948 | _c05/11/1997 | ||
| 999 |
_c51660 _d51660 |
||